000 00518nam a2200181Ia 4500
005 20250326123619.0
008 250326s9999 xx 000 0 und d
037 _aTextbook
040 _aFMSL
_beng
_cFMSL
041 _aeng
_2eng
084 _aB288 L3
_qFMSL
100 _aLipson C
_9735621
245 0 _aStatistical design and analysis of engineering experiments
_cLipson C; Sheth N J
260 _aNY
_bNY, McGraw-Hill
_c1973
300 _a509p
942 _cTB
_hB288 L3
999 _c1270159
_d1270159